Representation theory. A first course

Guardado en:
Detalles Bibliográficos
Autores principales: Fulton, William (Autor), Harris, Joe (Autor)
Formato: Libro
Lenguaje:inglés
Publicado: New York, USA. Springer, 2004
Colección:Graduate Texts in Mathematics
Materias:
Acceso en línea:Disponible Online
Etiquetas: Agregar Etiqueta
Sin Etiquetas, Sea el primero en etiquetar este registro!

MARC

LEADER 00000cam a2200000 a 4500
001 UCF5081
003 CL-VaPUC
005 20230629104947.0
008 130117e20040000US |||||||||||||||||eng|d
999 |c 350694  |d 350692 
020 |a 0387974954 
040 |c Pontificia Universidad Católica de Valparaíso 
082 0 4 |a 512.2 FUL 2004  |2 21 
100 0 |a Fulton, William  |e author  |9 566795 
245 1 0 |a Representation theory.  |b A first course 
260 |a New York, USA.  |b Springer,  |c 2004 
300 |a 551 páginas  
490 0 |a Graduate Texts in Mathematics 
583 |a last modification  |c 20130117 11:37:00  |k Rodrigo Vera 
650 0 |a Representación de grupos  |2 CL-VaPUC  |9 363428 
650 0 |a Representación matemática  |2 CL-VaPUC  |9 392002 
650 0 |a Grupos de Lie   |9 271231 
650 0 |a Álgebra de Lie  |9 271226 
700 0 |a Harris, Joe  |e author  |9 566796 
856 |u http://bibliografiadigital.pucv.cl.pucv.idm.oclc.org/index.php/bibliotecapucv/catalog/book/816  |y Disponible Online  
942 |c BK  |2 ddc 
945 |d 20130117 00:00:00  |a cmena 
952 |0 0  |1 0  |4 0  |6 512_200000000000000_FUL_2004  |7 0  |8 A  |9 454267  |a BIBMAT  |b BIBMAT  |d 2019-11-22  |i 4941780  |o 512.2 FUL 2004  |p 4941780  |r 2025-01-07  |w 2019-11-22  |y BK  |k MAT